Music Quiz

Random Music or Song Quiz

'Wouldn't It Be Nice' Lyrics Quiz Stats

 Plays Quiz Updated Aug 7, 2018

Challenge
Share
Tweet
Embed
Score 0/174 Timer 06:00
0 Plays Today
% Correct
be
99.5%
be
99.5%
be
99.5%
be
99.5%
be
99.5%
be
99.5%
be
99.5%
be
99.5%
be
99.5%
it
99.4%
it
99.4%
it
99.4%
it
99.4%
it
99.4%
it
99.4%
it,
99.4%
it
99.4%
it.
99.4%
it
99.4%
Wouldn't
99.4%
wouldn't
99.4%
Wouldn't
99.4%
Wouldn't
99.4%
Wouldn't
99.4%
it
99.4%
wouldn't
99.4%
Wouldn't
99.4%
it
99.4%
it
99.4%
it.
99.4%
Wouldn't
99.4%
nice
99.3%
nice
99.3%
nice
99.3%
nice?
99.3%
nice?
99.3%
nice?
99.3%
I
98%
if
97.2%
if
97.2%
if
97.2%
we
97%
we
97%
we
97%
we
97%
we
97%
we
97%
we
97%
We
97%
we
97%
to
95.2%
to
95.2%
to
95.2%
the
89.5%
the
89.5%
the
89.5%
the
89.5%
the
89.5%
% Correct
the
89.5%
have
88.7%
were
88.5%
a
87.8%
so
83.9%
together,
80.9%
together.
80.9%
together,
80.9%
together
80.9%
and
80.5%
And
80.5%
And
80.5%
and
80.5%
and
80.5%
and
80.5%
Then
80.2%
then
80.2%
then
80.2%
could
79.4%
could
79.4%
older?
76.3%
long.
76.1%
wait
74.9%
in
72.5%
in
72.5%
live
70%
live
70%
You
64.3%
You
64.3%
where
61.1%
of
59.5%
is
56.9%
when
56.4%
when
56.4%
day
55.6%
day
55.6%
stay
54.1%
up,
53%
that
52.9%
that
52.9%
belong?
52.5%
night
52.4%
world
50.1%
can
47.6%
Happy
47.2%
happy.
47.2%
wake
47%
do.
45.6%
kind
45.4%
make
42.3%
through.
41.9%
morning
41.4%
whole
41.2%
married.
40.3%
know
40.3%
know
40.3%
we'd
39.4%
better,
38.8%
% Correct
was
38.6%
much
38.1%
say
37.9%
never
37.4%
new?
36.8%
about
34.9%
about
34.9%
wish
34.5%
wish
34.5%
there
34.1%
talk
33.9%
talk
33.9%
come
33.7%
hold
33.7%
each
33%
other
32.7%
every
32.6%
ending
32.2%
But
32.1%
goodnight
31.8%
Goodnight,
31.2%
kiss
31.1%
Goodnight,
30.9%
it's
30.2%
without
30%
Sleep
29.4%
true.
28.9%
might
28.9%
couldn't
28.4%
after
28.1%
hope
27.9%
close
27.9%
let's
27.4%
times
27.3%
pray
26.9%
thing
26.5%
more
26.2%
spending.
26.1%
spent
26%
Maybe
25.9%
only
25.8%
think
25.6%
Baby
23.7%
baby.
23.7%
baby.
23.7%
baby
23.4%
makes
23.3%
gonna
23.1%
having
23.1%
single
23.1%
been
22.9%
worse
20.7%
seems
19.8%
tight,
19.3%
we've
18.3%
Run
15.8%
run
15.8%
run
15.8%

You're not logged in!

Compare scores with friends on all Sporcle quizzes.
OR
Log In

You Might Also Like...

Show Comments

Extras

Top Quizzes Today


Score Distribution

Your Account Isn't Verified!

In order to create a playlist on Sporcle, you need to verify the email address you used during registration. Go to your Sporcle Settings to finish the process.

Report this User

Report this user for behavior that violates our Community Guidelines.

Details: